Телеграммы "Петроградского Телеграфного агентства". Пятница 7 июля 1917 года (Запись № 10933547)

Подробности
000 -МАРКЕР
контрольное поле 02872nam0a2200481 4500
001 - ИДЕНТИФИКАТОР ЗАПИСИ
контрольное поле RU\NLR\BIBL_A\011293075
005 - ИДЕНТИФИКАТОР ВЕРСИИ
контрольное поле 20260408123654.0
020 ## - НОМЕР ДОКУМЕНТА В НАЦИОНАЛЬНОЙ БИБЛИОГРАФИИ
Код страны российская федерация
Основное заглавие издания Российской книжной палаты От Февраля к Октябрю: коллекция листовок/Рос. нац. б-ка
035 ## - ДРУГИЕ СИСТЕМНЫЕ НОМЕРА
Идентификатор записи (NLR Aleph) 011293075
100 ## - ДАННЫЕ ОБЩЕЙ ОБРАБОТКИ
Данные общей обработки 20161215j19170707|||y0rusy50 ca
101 0# - ЯЗЫК РЕСУРСА
Язык текста, звукозаписи и т.д. русский
102 ## - СТРАНА ПУБЛИКАЦИИ ИЛИ ПРОИЗВОДСТВА
Страна публикации российская федерация
105 ## - ПОЛЕ КОДИРОВАННЫХ ДАННЫХ: ТЕКСТОВЫЕ МАТЕРИАЛЫ, МОНОГРАФИЧЕСКИЕ
Кодированные данные о монографическом текстовом документе y z 000yy
135 ## - ПОЛЕ КОДИРОВАННЫХ ДАННЫХ: ЭЛЕКТРОННЫЕ РЕСУРСЫ
Кодированные данные для электронного ресурса crcn 024apada
200 1# - ЗАГЛАВИЕ И СВЕДЕНИЯ ОБ ОТВЕТСТВЕННОСТИ
Основное заглавие Телеграммы "Петроградского Телеграфного агентства". Пятница 7 июля 1917 года
Наименование части Сообщение из ставки
-- К событиям в Петрограде
Сведения, относящиеся к заглавию [листовка]
210 ## - ПУБЛИКАЦИЯ, РАСПРОСТРАНЕНИЕ И ДР.
Место издания, распространения и т.д. Клинцы [Черниговская губ.]
Имя издателя, распространителя и т. д. Изд. Исполн. Ком. С.Р. и С.Д.
Дата издания, распространения и т.д. [1917, 7 июля]
215 ## - ФИЗИЧЕСКАЯ ХАРАКТЕРИСТИКА
Специфическое обозначение материала и объем [1] л. в 2 стб.
Размеры 31х22
300 ## - ОБЩИЕ ПРИМЕЧАНИЯ
Текст примечания Перед текстом: № 3
300 ## - ОБЩИЕ ПРИМЕЧАНИЯ
Текст примечания Текст на обеих сторонах листа
300 ## - ОБЩИЕ ПРИМЕЧАНИЯ
Текст примечания Подпись: Ред. Член. Ред. Ком. Б.Н. Вознесенский
300 ## - ОБЩИЕ ПРИМЕЧАНИЯ
Текст примечания Коллекция листовок "От Февраля к Октябрю" (1 экз.)
316 ## - ПРИМЕЧАНИЯ ОБ ОСОБЕННОСТЯХ ЭКЗЕМПЛЯРА
Текст примечания На листовке рукопис. пометы: Перед текстом: Зарегистрирована у Клинцовского комиссара 9 июля 1917 г. за № 100. Комиссар: [подпись неразборчива]. В конце текста на 1-й стороне листа: В Петроградскую Публичную библиотеку
Организация и экземпляр, к которому относится поле NLR
325 1# - ПРИМЕЧАНИЕ О КОПИИ
Текст примечания Копия доступна в Электронной библиотеке РНБ
327 1# - ПРИМЕЧАНИЯ О СОДЕРЖАНИИ
Текст примечания О событиях в России 6 июля 1917 г.
333 ## - ПРИМЕЧАНИЯ ОБ ОСОБЕННОСТЯХ РАСПРОСТРАНЕНИЯ И ИСПОЛЬЗОВАНИЯ
Текст примечания Перед текстом: Цена 5 коп.
540 1# - ДОПОЛНИТЕЛЬНОЕ ЗАГЛАВИЕ, ПРИМЕНЯЕМОЕ КАТАЛОГИЗАТОРОМ
Заглавие От Февраля к Октябрю
Сведения о заглавии листовки
540 1# - ДОПОЛНИТЕЛЬНОЕ ЗАГЛАВИЕ, ПРИМЕНЯЕМОЕ КАТАЛОГИЗАТОРОМ
Заглавие О событиях в России 6 июля 1917 г.
607 ## - ГЕОГРАФИЧЕСКОЕ НАИМЕНОВАНИЕ КАК ПРЕДМЕТ
Географическое наименование Россия
Формальный подзаголовок Листовки
Тематический подзаголовок История
Хронологический подзаголовок 1917
Системный номер авторитетной/нормативной записи 2250871
Идентификатор авторитетной/нормативной записи RU\NLR\AUTH\661350120
686 0# - ИНДЕКСЫ ДРУГИХ КЛАССИФИКАЦИЙ
Индекс Т3(2)524.2,011
686 0# - ИНДЕКСЫ ДРУГИХ КЛАССИФИКАЦИЙ
Индекс Т3(2)711.19-68,011
686 1# - ИНДЕКСЫ ДРУГИХ КЛАССИФИКАЦИЙ
Индекс Ц35(2)711,011
702 #1 - ИМЯ ЛИЦА - ВТОРИЧНАЯ ОТВЕТСТВЕННОСТЬ
Код отношения Подписавшее лицо
Начальный элемент ввода Вознесенский
Часть имени, кроме начального элемента ввода Б.Н.
Дополнения к именам, кроме дат журналист
Системный номер авторитетной/нормативной записи 167125
Идентификатор авторитетной/нормативной записи RU\NLR\AUTH\770167172
710 02 - НАИМЕНОВАНИЕ ОРГАНИЗАЦИИ - ПЕРВИЧНАЯ ОТВЕТСТВЕННОСТЬ
Начальный элемент ввода Петроградское телеграфное агентство
Идентификатор авторитетной/нормативной записи RU\NLR\AUTH\880426910
Системный номер авторитетной/нормативной записи 518409
711 01 - НАИМЕНОВАНИЕ ОРГАНИЗАЦИИ - АЛЬТЕРНАТИВНАЯ ОТВЕТСТВЕННОСТЬ
Начальный элемент ввода Россия
Структурное подразделение Верховный главнокомандующий
Идентифицирующий признак 1914-1917
Структурное подразделение Ставка
Идентификатор авторитетной/нормативной записи RU\NLR\AUTH\8810032471
Системный номер авторитетной/нормативной записи 563489
852 00 - МЕСТОНАХОЖДЕНИЕ И ШИФР ХРАНЕНИЯ
Идентификатор организации NLR
Наименование фонда или коллекции (Sub-Location Identifier) Фл
Шифр хранения (Call Number) XV/87
942 ## - ДОПОЛНИТЕЛЬНЫЕ ЭЛЕМЕНТЫ ЗАПИСИ (АБИС)
Тип экземпляра АБИС Книга
980 ## - КОЛЛЕКЦИЯ
Название коллекции Национальная библиография
981 42 - КОЛЛЕКЦИЯ ЭЛЕКТРОННОЙ БИБЛИОТЕКИ
Название коллекции 1917: от Февраля к Октябрю
Название подколлекции Листовки 1917 года

Нет доступных экземпляров.